1859 1332 1460 1998 1730 1808 1801 1019 1273 1768 1195 1083 1842 1724 1400 1054 1587 1136 1160 1331 1857 1979 1641 1668 1632 1944 1410 1258 1568 1056 1278 1226 1498 1912 1496 1547 1382 1008 1524 1937 1111 1984 1909 1773 1223 1444 1940 1366 1032 1094 1520 1881 1167 1926 1565 1848 1743 1197 1072 1127 1799 1798 1242 1176 1441 1803 1913 1864 1572 1772 1652 1814 1450 1046 1983 1819 1747 1520 1779 1263 1968 1181 1750 1961 1835 1460 1352 1882 1286 1325 1102 1049 1760 1838 1265 1758 1167 1112 1985 BCNSPRNW ULIB Ver.6.0+V

เปลี่ยนเป็นภาษาไทย

Change to English
 แสดงรายละเอียดบรรณานุกรม
  กลับหน้าหลัก

Brief Record : Get Marc (ISO 2709) : E-mail record : QR code < ปิดหน้าต่าง
LEADER : 00000nam 2200000uu 4500
001    13399111829
003     ULIB
008    110627s2551||||th 000 0 tha d
020    9789740438496
090    นว.^bร144ง 2551
100 0  รพีรำไพ
245 00 เงาพิศวาส/^cรพีรำไพ
250    พิมพ์ครั้งที่ 1
260    กรุงเทพฯ :^bพลอยชมพู,^c2551
300    330 หน้า
945    ^p229^l0^i023597
995    ทศพร
999 ^a ใช้งานได้ทุกระบบ
รายการนี้ยังไม่มีแท็ก
คุณยังไม่ได้ล็อกอิน คุณสามารถมีกิจกรรมร่วมกับเว็บไซต์ได้ แต่ต้องล็อกอินก่อน ::
  ล็อกอิน

รายการสื่อสารสนเทศ

ลำดับที่ ประเภท เลขเรียก/บาร์โค้ด สถานที่ สถานะ
- ไม่พบข้อมูล -

BibComment


ยังไม่เคยถูกคอมเมนท์

คอมเมนท์ทรัพยากรรายการนี้
  คอมเมนท์: เงาพิศวาส รพีรำไพ


 Copyright 2026. Bcnsprnw @Library